| 000 | 00348nam a22001457a 4500 | ||
|---|---|---|---|
| 003 | SGT | ||
| 020 | _a97815-43344-00-4 | ||
| 082 |
_a615 _bKOS |
||
| 100 | _aKOSHTA, ASHOK | ||
| 245 | _aA TEXTBOOK OF PHARMACEUTICAL PRODUCT DEVELOPMENT | ||
| 260 |
_aINDIA _bS. VIKASH PUB. _c2020 |
||
| 300 | _a507 | ||
| 650 | _aPHARMACEUTICAL | ||
| 942 |
_2ddc _cBK |
||
| 999 |
_c32513 _d32513 |
||